000 00757nam a2200253 a 4500
001 56776
003 BD-RJUL
005 20211209080431.0
008 161204s1969 enkg b 001 0 eng d
020 _a0047010045
035 _aBD-RjUL56900
040 _aBD-RjUL
_beng
_cBD-RjUL
041 _aeng
082 _223
_a701.17
_bREM 1969
100 1 _aReid, Louis Arnaud,
_d1895-1986
_9168836
245 1 0 _aMeaning in the arts /
_cby Louis Arnaud Reid
260 _aLondon :
_bAllen & Unwin ;
_aNew York :
_bHumanities Press,
_c1969
300 _a317 p. :
_bill. ;
_c23 cm
504 _aIncludes bibliographical references
650 0 _aAesthetics
_9124124
830 0 _aMuirhead library of philosophy
_9168839
942 _2ddc
_cBK
999 _c56776
_d56776